000
00292nam a22001337a 4500
020
_a
978-93-80097-63-3
041
_a
ENG
100
_a
Yadav.K.S
245
_a
Workshop Technology -II
260
_a
New Delhi
_b
Vayu Education
_c
2009
300
_a
282
650
_a
FMP
856
_u
FMP ( 17 )
999
_c
1397
_d
1397